1940 1263 1580 1295 1149 1227 1620 1742 1534 1761 1978 1025 1574 1252 1801 1367 1533 1701 1001 1826 1293 1222 1230 1964 1903 1041 1984 1288 1962 1842 1193 1502 1839 1840 1198 1993 1719 1405 1179 1713 1093 1963 1823 1635 1791 1545 1685 1710 1250 1365 1214 1941 1572 1884 1715 1835 1351 1885 1048 1957 1996 1823 1549 1204 1082 1247 1927 1231 1534 1250 1711 1055 1883 1235 1460 1770 1694 1136 1125 1041 1910 1505 1476 1334 1851 1258 1670 1623 1254 1484 1049 1170 1848 1986 1646 1181 1315 1391 1423 BCNSPRNW ULIB Ver.6.0+V

เปลี่ยนเป็นภาษาไทย

Change to English
 แสดงรายละเอียดบรรณานุกรม
  กลับหน้าหลัก

Brief Record : Get Marc (ISO 2709) : E-mail record : QR code < ปิดหน้าต่าง
LEADER : 00000nam 2200000uu 4500
001    13399126268
003     ULIB
008    180827s2548||||th 000 0 tha d
020    ^a6a9789749922088
060 04 ^aWY87^bจ464
245 00 ^aจิตวิทยาพัฒนาการสำหรับพยาบาล /^cบรรณาธิการ, กัลยานาคเพ็ชร์, จุไร อภัยจิรรัตน์, สมพิศ ใยสุ่น
250    ^aพิมพ์ครั้งที่ 2
260    ^a[กรุงเทพ] :^bวิทยาลัยพยาบาลสภากาชาดไทย,^c2548
300    ^a240 หน้า :^bภาพประกอบ ;^c30 ซม.
650  7 ^aจิตวิทยาพัฒนาการ
650  7 ^aพยาบาล
700 0  ^aกัลยา นาคเพ็ชร์,^eบรรณาธิการ
700 0  ^aจุไร อภัยจิรรัตน์,^eบรรณาธิการ
700 0  ^aสมพิศ ใยสุ่น,^eบรรณาธิการ
710 2  ^aวิทยาลัยพยาบาลสภากาชาดไทย
945    ^p250^l0^i004443
999    ^aประนอม เกษจรัล
รายการนี้ยังไม่มีแท็ก
คุณยังไม่ได้ล็อกอิน คุณสามารถมีกิจกรรมร่วมกับเว็บไซต์ได้ แต่ต้องล็อกอินก่อน ::
  ล็อกอิน

รายการสื่อสารสนเทศ

ลำดับที่ ประเภท เลขเรียก/บาร์โค้ด สถานที่ สถานะ
1. Book การพยาบาล
หนังสือสำรอง
สถานะ=หนังสือสำรอง
WY87 จ464 ฉ.1 
  Barcode: 004443
ห้องสมุดวิทยาเขตสวรรค์ประชารักษ์
►ส่วนจัดเก็บหนังสือเก่า สปร
บนชั้น
  ขอยืม

รายการใกล้เคียง
    หัวเรื่อง [จิตวิทยาพัฒนาการ]
    หัวเรื่อง [พยาบาล]

BibComment


ยังไม่เคยถูกคอมเมนท์

คอมเมนท์ทรัพยากรรายการนี้
  คอมเมนท์: จิตวิทยาพัฒนาการ..


 Copyright 2026. Bcnsprnw @Library